Escudos Francia 24/25 - Estadísticas

Estadísticas generales
  • Esta prueba ha sido intentada 18 veces
  • La puntuación promedio es 41 de 54
Estadísticas de respuestas
Imagen Respuesta % Correcto
Bastia
100%
Concarneau
100%
Lorient
100%
LOSC Lille
100%
OGC Nice
100%
Paris 13 Atletico
100%
Pau
100%
PSG
100%
Angers
94%
Rodez
94%
Stade de Reims
94%
Troyes
94%
Ajaccio
88%
AS Monaco
88%
Dijon
88%
Le Mans
88%
Lens
88%
Metz
88%
Montpellier
88%
Nantes
88%
Nimes
88%
Orleans
88%
Red Star
88%
Saint Etienne
88%
Amiens
82%
Auxerre
82%
Girondins Bordeaux
82%
Martigues
82%
Olympique Lyon
82%
Paris FC
82%
Stade Brest
82%
Stade Rennais
82%
Strasbourg
82%
Toulouse
82%
US Boulogne
82%
Clermont Foot
76%
Stade Laval
76%
Annecy
71%
Chateauroux
71%
Olympique Marsella
71%
EA Guingamp
65%
Sochaux
65%
Le Havre
59%
Versalles
59%
Villefranche
59%
Bourg Peronnas
47%
SM Caen
47%
Valenciennes
41%
Grenoble Foot
29%
Nancy
29%
Dunkerque
24%
QRM
24%
FC Rouen
18%
Aubagne
12%
No se encontraron pruebas coincidentes
Distribución de puntuación
Porcentaje de gente con cada puntuación
Porcentaje por número respondido
Historial de tus puntuaciones
No has intentado esta prueba.